000 00868nam a22002297a 4500
005 20131202144231.0
010 _aB-522192-202
020 _a9788131913031
_c125.00
035 _aB-522192-202
037 _bBBB/Ven.
_adpl
082 _a910.9143
245 _aGeography :
_cedited by Pallabi B. Tomar [and] Hitesh Iplani; iilustrated by Suman S. Roy [and] Tanoy Choudhury
_bmountains /
260 _aNew Delhi
_bPegasus and imprint of B. Jain Publishers
_c00??
270 _a1921/10, Chuna Mandi, Paharganj,
_bNew Delhi
_e110055
300 _a31p. :
_c26cm(Hb)
_bcol.ill.
490 _aPegasus encyclopedia library
500 _aIncludes index
700 _aTomar, Pallabi B.
700 _aIplani, Hitesh
942 _2ddc
_cCH
_mGEO
_h910.9143
999 _c79115
_d79115